| 000 | 01011nam a22002537i 4500 | ||
|---|---|---|---|
| 999 |
_c23070 _d23070 |
||
| 003 | AR-CdUCM | ||
| 008 | 240920b20142014 ck||||| |||| 00| 0 spa d | ||
| 020 | _a978-958-762-256-0 | ||
| 040 |
_aMUNICIPALIDAD PROVINCIAL DEL CUSCO _cBIBLIOTECA MUNICIPAL DEL CUSCO |
||
| 041 | _hspa | ||
| 082 |
_2Primera edición _a613.2 / M12 _bM12 |
||
| 100 |
_aMacher, Ingrid _950576 |
||
| 245 |
_aAl rescate de tu nuevo yo : _bComienza la transformación de tu figura ya! / |
||
| 260 |
_aColombia : _bEdiciones de la U. _c2014 |
||
| 300 |
_a227 páginas. : _c23 cm. |
||
| 505 | _aBienvenido al nuevo "TU" -- Enemigo #1: La negatividad -- ¡No mas excusas! -- Nutrición: Barriga llena, corazón contento -- Antojos.. ¡Cuidado! -- Bebe, bebe, bebe -- Abdomen plano, ¡Urgente! | ||
| 650 |
_aRecetario _950401 |
||
| 650 |
_aConsejos saludables _950577 |
||
| 650 |
_aNutricional _950578 |
||
| 650 |
_aConsejos de comida _950579 |
||
| 650 |
_aRecetas saludables _950580 |
||
| 942 |
_2ddc _cLIBROS |
||
| 945 |
_apbj _d2024-09-20 |
||